[Event "Swiss Queens Wed #39"]
[Site "FIDE Online Arena INT"]
[Date "2024.10.23"]
[Round "2"]
[White "Mammadova, Gulnar Marfat Qizi"]
[Black "Preobrazhenskaya, Diana"]
[Result "1/2-1/2"]
[WhiteElo "2328"]
[BlackElo "2084"]
[PlyCount "281"]
[EventDate "2024.10.23"]
[EventType "swiss (blitz)"]
[EventRounds "11"]
[EventCountry "NET"]
[SourceTitle "CB44_2024"]
[Source "Chessbase"]
[SourceDate "2024.10.30"]
[SourceVersion "1"]
[SourceVersionDate "2024.10.30"]
[SourceQuality "1"]

1. e4 c5 2. Nf3 d6 3. Bb5+ Bd7 4. c4 Nf6 5. Nc3 a6 6. Bxd7+ Qxd7 7. d4 cxd4 8. Nxd4 Nc6 9. 0-0 g6 10. h3 Bg7 11. Be3 0-0 12. Rc1 Rac8 13. b3 Nxd4 14. Bxd4 b5 15. Nd5 Nxd5 16. Bxg7 Kxg7 17. Qxd5 e6 18. Qd4+ e5 19. Qd3 bxc4 20. Rxc4 Rxc4 21. Qxc4 a5 22. Rc1 Rb8 23. Qd5 Rb5 24. Qd3 a4 25. bxa4 Ra5 26. Rc4 Rxa4 27. Qb3 Ra7 28. a4 d5 29. exd5 Qxd5 30. Qc2 Rd7 31. Kh2 Ra7 32. Qc3 Ra5 33. Qb4 Qa8 34. h4 Rd5 35. Rc7 Qd8 36. Qe7 Qxe7 37. Rxe7 Ra5 38. g3 Kf6 39. Rb7 Rxa4 40. Kg2 Rd4 41. Rb6+ Kg7 42. Rb7 Rd2 43. Re7 Kf6 44. Re8 h5 45. Kf3 Rd3+ 46. Ke4 Rd4+ 47. Ke3 Ra4 48. Rb8 Ra2 49. Rb7 Ra3+ 50. Ke4 Ra4+ 51. Kf3 Ra3+ 52. Kg2 Ra6 53. Rb5 Ra2 54. Rb6+ Kg7 55. Rd6 Re2 56. Kf3 Ra2 57. Ke3 Ra4 58. f3 Ra1 59. Rb6 Rg1 60. Kf2 Ra1 61. Rb2 Ra3 62. Kg2 Ra4 63. Re2 Ra5 64. Rc2 Kf6 65. Rc6+ Ke7 66. Rc2 f5 67. Rc6 Kf7 68. Rd6 Rb5 69. Kf2 Rb2+ 70. Ke3 Rb3+ 71. Kf2 Kg7 72. Re6 Kf7 73. Rxe5 Kf6 74. Re8 Rb2+ 75. Ke3 Rb3+ 76. Kf2 Rb2+ 77. Kf1 Rb1+ 78. Kg2 Rb2+ 79. Kh3 Rf2 80. Re3 Rf1 81. Kg2 Rb1 82. Re2 Rb3 83. Ra2 Rc3 84. Kf2 Rc6 85. Ra3 Rc2+ 86. Ke3 Rc6 87. Rb3 Rd6 88. Rb4 Re6+ 89. Kf4 Rc6 90. Ra4 Rd6 91. Ra8 Rd4+ 92. Ke3 Rb4 93. Ra6+ Kf7 94. Rc6 Ra4 95. Rd6 Rb4 96. Ra6 Rc4 97. Ra8 Rb4 98. Ra3 Rc4 99. Kd3 Rb4 100. Rc3 Rb1 101. Ke3 Rb5 102. Kf4 Rb6 103. Kg5 Kg7 104. Rc7+ Kf8 105. Ra7 Rc6 106. Kh6 Rb6 107. Rg7 Rb3 108. Rxg6 Rxf3 109. Kxh5 Kf7 110. Rg5 Kf6 111. Kh6 f4 112. gxf4 Rxf4 113. h5 Rh4 114. Rg6+ Kf7 115. Ra6 Kg8 116. Ra8+ Kf7 117. Rh8 Rh3 118. Rb8 Rh4 119. Kg5 Rh3 120. h6 Rh1 121. Rh8 Rh2 122. Rh7+ Kg8 123. Ra7 Kh8 124. Kg6 Rg2+ 125. Kh5 Rh2+ 126. Kg5 Rg2+ 127. Kh5 Rh2+ 128. Kg6 Rg2+ 129. Kf5 Rh2 130. h7 Rxh7 131. Ra8+ Kg7 132. Kg5 Rh1 133. Ra7+ Kf8 134. Kf6 Rf1+ 135. Ke6 Rd1 136. Ra8+ Kg7 137. Ra7+ Kg6 138. Rd7 Re1+ 139. Kd6 Rd1+ 140. Kc7 Rxd7+ 141. Kxd7 1/2-1/2

[Event "Swiss Queens Wed #39"]
[Site "FIDE Online Arena INT"]
[Date "2024.10.23"]
[Round "8"]
[White "Sachi, Jain"]
[Black "Mammadova, Gulnar Marfat Qizi"]
[Result "1-0"]
[WhiteElo "2116"]
[BlackElo "2328"]
[PlyCount "63"]
[EventDate "2024.10.23"]
[EventType "swiss (blitz)"]
[EventRounds "11"]
[EventCountry "NET"]
[SourceTitle "CB44_2024"]
[Source "Chessbase"]
[SourceDate "2024.10.30"]
[SourceVersion "1"]
[SourceVersionDate "2024.10.30"]
[SourceQuality "1"]

1. e4 g6 2. d4 d6 3. f4 Bg7 4. Nf3 Nc6 5. c3 Nf6 6. Bd3 0-0 7. 0-0 e5 8. fxe5 dxe5 9. d5 Ne7 10. Nxe5 Nfxd5 11. Nxf7 Rxf7 12. Rxf7 Kxf7 13. exd5 Qxd5 14. Qf1+ Ke8 15. Na3 Qc5+ 16. Kh1 Be6 17. Bf4 Rd8 18. Nb5 Be5 19. Bxe5 Qxe5 20. Re1 Qc5 21. Rxe6 a6 22. Nd4 Rd5 23. Bc4 Re5 24. Rxe5 Qxe5 25. Qf7+ Kd8 26. Qf8+ Kd7 27. Be6+ Kd6 28. Qd8+ Kc5 29. Qxe7+ Kb6 30. Qb4+ Ka7 31. Nc6+ bxc6 32. Qd4+ 1-0

[Event "Swiss Queens Wed #39"]
[Site "FIDE Online Arena INT"]
[Date "2024.10.23"]
[Round "7"]
[White "Shukhman, Anna"]
[Black "Mammadova, Gulnar Marfat Qizi"]
[Result "1-0"]
[WhiteElo "2163"]
[BlackElo "2328"]
[PlyCount "105"]
[EventDate "2024.10.23"]
[EventType "swiss (blitz)"]
[EventRounds "11"]
[EventCountry "NET"]
[SourceTitle "CB44_2024"]
[Source "Chessbase"]
[SourceDate "2024.10.30"]
[SourceVersion "1"]
[SourceVersionDate "2024.10.30"]
[SourceQuality "1"]

1. e4 e5 2. Nf3 Nc6 3. d4 exd4 4. Nxd4 Nf6 5. Nxc6 bxc6 6. e5 Qe7 7. Qe2 Nd5 8. h4 Qe6 9. Nd2 a5 10. g3 Ba6 11. c4 Nb6 12. b3 Bb4 13. Bh3 Qe7 14. Bb2 d5 15. exd6 Qxe2+ 16. Kxe2 0-0 17. dxc7 Nd5 18. Nf3 Nxc7 19. Rhd1 a4 20. Kf1 Ne6 21. Ne5 Bb7 22. Bxe6 fxe6 23. Rd7 Bc8 24. Rc7 a3 25. Bd4 Bd6 26. Rxc6 Bxe5 27. Bxe5 Bb7 28. Rc7 Rf7 29. Rxf7 Kxf7 30. Rd1 Bc6 31. Rd6 Rc8 32. Bc3 Be4 33. Rd7+ Ke8 34. Rxg7 Bb1 35. Ra7 Bxa2 36. Rxa3 Bb1 37. Ra7 Bc2 38. Rb7 Rd8 39. Be5 Rd1+ 40. Ke2 Rb1 41. b4 Be4 42. Rb8+ Kd7 43. c5 Rb3 44. Rb6 Bd5 45. Kd2 h5 46. b5 Rf3 47. c6+ Ke7 48. Rb7+ Ke8 49. Rb8+ Ke7 50. c7 Rxf2+ 51. Kc3 Rf1 52. c8Q Rc1+ 53. Kd4 1-0

[Event "Swiss Queens Wed #38"]
[Site "FIDE Online Arena INT"]
[Date "2024.10.16"]
[Round "11"]
[White "Luong, Phuong Hanh"]
[Black "Mammadova, Gulnar Marfat Qizi"]
[Result "0-1"]
[WhiteElo "2216"]
[BlackElo "2328"]
[PlyCount "68"]
[EventDate "2024.10.16"]
[EventType "swiss (blitz)"]
[EventRounds "11"]
[EventCountry "NET"]
[SourceTitle "CB43_2024"]
[Source "Chessbase"]
[SourceDate "2024.10.23"]
[SourceVersion "1"]
[SourceVersionDate "2024.10.23"]
[SourceQuality "1"]

1. d4 g6 2. e4 d6 3. Be3 Bg7 4. Nc3 Nd7 5. Qd2 e5 6. Nf3 Ne7 7. Bh6 0-0 8. Bxg7 Kxg7 9. h4 h5 10. 0-0-0 Nc6 11. d5 Ne7 12. g4 hxg4 13. Ng5 Nf6 14. h5 Nxh5 15. Be2 Rh8 16. Rdg1 Nf4 17. Rxh8 Qxh8 18. Bxg4 Bxg4 19. Rxg4 Qh1+ 20. Nd1 Rh8 21. Rxf4 exf4 22. Qc3+ f6 23. Ne6+ Kf7 24. Qxc7 Qxe4 25. Nd8+ Rxd8 26. Qxd8 Qxd5 27. b3 Qd4 28. Qc7 b5 29. a4 bxa4 30. bxa4 g5 31. a5 g4 32. Nc3 g3 33. f3 g2 34. Kb2 g1Q 0-1

[Event "Swiss Queens Wed #38"]
[Site "FIDE Online Arena INT"]
[Date "2024.10.16"]
[Round "4"]
[White "Mammadova, Gulnar Marfat Qizi"]
[Black "Sarquis, Maria Belen"]
[Result "1-0"]
[WhiteElo "2328"]
[BlackElo "2175"]
[PlyCount "47"]
[EventDate "2024.10.16"]
[EventType "swiss (blitz)"]
[EventRounds "11"]
[EventCountry "NET"]
[SourceTitle "CB43_2024"]
[Source "Chessbase"]
[SourceDate "2024.10.23"]
[SourceVersion "1"]
[SourceVersionDate "2024.10.23"]
[SourceQuality "1"]

1. e4 e5 2. Nf3 Nc6 3. Bc4 Nf6 4. d3 Bc5 5. Nc3 0-0 6. 0-0 a6 7. Bg5 h6 8. Bh4 Re8 9. Nd5 Be7 10. Nxe7+ Qxe7 11. c3 d6 12. h3 Na5 13. Bb3 Nxb3 14. axb3 g5 15. Nxg5 hxg5 16. Bxg5 Qe6 17. f4 Nh7 18. f5 Qd7 19. Qg4 Kh8 20. Qh4 Kg8 21. f6 Kh8 22. Bh6 Rg8 23. Rf5 Qd8 24. Bg7+ 1-0

[Event "Swiss Queens Wed #38"]
[Site "FIDE Online Arena INT"]
[Date "2024.10.16"]
[Round "8"]
[White "Narva, Mai"]
[Black "Mammadova, Gulnar Marfat Qizi"]
[Result "0-1"]
[WhiteElo "2415"]
[BlackElo "2328"]
[PlyCount "70"]
[EventDate "2024.10.16"]
[EventType "swiss (blitz)"]
[EventRounds "11"]
[EventCountry "NET"]
[SourceTitle "CB43_2024"]
[Source "Chessbase"]
[SourceDate "2024.10.23"]
[SourceVersion "1"]
[SourceVersionDate "2024.10.23"]
[SourceQuality "1"]

1. d4 g6 2. Nf3 d6 3. c4 Bg7 4. Nc3 Nd7 5. e4 e5 6. d5 f5 7. Bd3 Ngf6 8. exf5 e4 9. Nxe4 Nxe4 10. Bxe4 Nf6 11. Bc2 0-0 12. 0-0 gxf5 13. Re1 Ne4 14. h3 Qf6 15. Be3 Qxb2 16. Bd4 Bxd4 17. Nxd4 Bd7 18. Rb1 Qc3 19. Qd3 Qxd3 20. Bxd3 Nc5 21. Re7 Rae8 22. Rxe8 Rxe8 23. Bxf5 Bxf5 24. Nxf5 Re2 25. a3 b6 26. Rd1 a5 27. Rd4 a4 28. g4 Ra2 29. Rf4 Nd3 30. Rf3 Ne5 31. Rf4 Rxa3 32. Nd4 Ra1+ 33. Kg2 a3 34. Ne6 Ng6 35. Rf3 Nh4+ 0-1